000 00354nam a2200109Ia 4500
008 171204s9999 xx 000 0 und d
245 _aStrategic International Management: Text And Cases
245 _cDirk Morschett and Hanna Schramm-Klein
260 _c2015
650 _xSTRATEGIC MANAGEMENT
856 _uhttp://down.ebook777.com/StrIntManTexAndCas.pdf
999 _c347073
_d347073